Isurv (Record no. 102600)

MARC details
000 -LEADER
fixed length control field 02770cam a2200649 4500
008 - FIXED-LENGTH DATA ELEMENTS--GENERAL INFORMATION
fixed length control field 030113n2003 000 0 eng u
020 ## - INTERNATIONAL STANDARD BOOK NUMBER
International Standard Book Number 1842191276
035 ## - SYSTEM CONTROL NUMBER
System control number (Sirsi) u120995
041 ## - LANGUAGE CODE
Language code of text/sound track or separate title eng
050 ## - LIBRARY OF CONGRESS CALL NUMBER
Classification number 333.72
-- 18
110 ## - MAIN ENTRY--CORPORATE NAME
Corporate name or jurisdiction name as entry element Royal Institution of Chartered Surveyors
9 (RLIN) 4900
245 ## - TITLE STATEMENT
Title Isurv
Remainder of title environment
Medium [multimedia]
260 ## - PUBLICATION, DISTRIBUTION, ETC.
Place of publication, distribution, etc. London
Name of publisher, distributor, etc. RICS
Date of publication, distribution, etc. 2003-
490 ## - SERIES STATEMENT
Series statement RICS Isurv.co.uk Series
505 ## - FORMATTED CONTENTS NOTE
Formatted contents note Role of the property professional
505 ## - FORMATTED CONTENTS NOTE
Formatted contents note Environmental management and policy
505 ## - FORMATTED CONTENTS NOTE
Formatted contents note Environmental services and appointing consultants
505 ## - FORMATTED CONTENTS NOTE
Formatted contents note Environmental reports and outputs
505 ## - FORMATTED CONTENTS NOTE
Formatted contents note Insurance
505 ## - FORMATTED CONTENTS NOTE
Formatted contents note Rural services
505 ## - FORMATTED CONTENTS NOTE
Formatted contents note Planning and development
505 ## - FORMATTED CONTENTS NOTE
Formatted contents note Construction whole life costing
505 ## - FORMATTED CONTENTS NOTE
Formatted contents note Sustainable construction
505 ## - FORMATTED CONTENTS NOTE
Formatted contents note Valuation and appraisal
505 ## - FORMATTED CONTENTS NOTE
Formatted contents note Residential conveyancing
505 ## - FORMATTED CONTENTS NOTE
Formatted contents note Commercial conveyancing
505 ## - FORMATTED CONTENTS NOTE
Formatted contents note Property management landlord and tenant
505 ## - FORMATTED CONTENTS NOTE
Formatted contents note Property management government buildings
505 ## - FORMATTED CONTENTS NOTE
Formatted contents note Minerals and waste management
520 ## - SUMMARY, ETC.
Summary, etc. The first in a series of online publications from RICS Books providing a comprehensive overview of key environmental topics affecting the work of chartered surveyors. A summary is provided for each topic before the legislative framework, key cases and legal issues, standards and regulatory framework, practical matters, forms and precedents and key issues are discussed in greater detail. Includes the text of relevant publications and links to other online resources.
520 ## - SUMMARY, ETC.
Summary, etc. Subscribers to the "Environment and property professional" can access it at www.rbprofessional.com using the username and password issued to you. Other RICS members may use it via the public access terminals in the RICS Library - please ask Library Staff for details.
650 ## - SUBJECT ADDED ENTRY--TOPICAL TERM
Topical term or geographic name entry element CONVEYANCING
650 ## - SUBJECT ADDED ENTRY--TOPICAL TERM
Topical term or geographic name entry element ENVIRONMENTAL AUDITS
650 ## - SUBJECT ADDED ENTRY--TOPICAL TERM
Topical term or geographic name entry element ENVIRONMENTAL MANAGEMENT
650 ## - SUBJECT ADDED ENTRY--TOPICAL TERM
Topical term or geographic name entry element LIFE-CYCLE COSTING
650 ## - SUBJECT ADDED ENTRY--TOPICAL TERM
Topical term or geographic name entry element SUSTAINABLE CONSTRUCTION
650 ## - SUBJECT ADDED ENTRY--TOPICAL TERM
Topical term or geographic name entry element SUSTAINABLE DEVELOPMENT
690 ## - LOCAL SUBJECT ADDED ENTRY--TOPICAL TERM (OCLC, RLIN)
Topical term or geographic name as entry element ENVIRONMENTAL AND LAND CONSULTANCY
700 ## - ADDED ENTRY--PERSONAL NAME
Personal name Best, Gary
700 ## - ADDED ENTRY--PERSONAL NAME
Personal name Catterall-Annal, Mharry Sara
700 ## - ADDED ENTRY--PERSONAL NAME
Personal name Croydon, Bob
700 ## - ADDED ENTRY--PERSONAL NAME
Personal name Dixon, Griffin
700 ## - ADDED ENTRY--PERSONAL NAME
Personal name Edge, Mike
700 ## - ADDED ENTRY--PERSONAL NAME
Personal name Elliot, Tim
700 ## - ADDED ENTRY--PERSONAL NAME
Personal name Fogleman, Valerie
700 ## - ADDED ENTRY--PERSONAL NAME
Personal name Hellawell, Trevor
700 ## - ADDED ENTRY--PERSONAL NAME
Personal name Jayne, Michael Ross
700 ## - ADDED ENTRY--PERSONAL NAME
Personal name Johnson, Faith
700 ## - ADDED ENTRY--PERSONAL NAME
Personal name Keith, Bruce
700 ## - ADDED ENTRY--PERSONAL NAME
Personal name Little, William
700 ## - ADDED ENTRY--PERSONAL NAME
Personal name Syms, Paul
700 ## - ADDED ENTRY--PERSONAL NAME
Personal name Vincent, Peter
700 ## - ADDED ENTRY--PERSONAL NAME
Personal name Weatherley, Neil
700 ## - ADDED ENTRY--PERSONAL NAME
Personal name Wilbourn, Philip
856 ## - ELECTRONIC LOCATION AND ACCESS
Uniform Resource Identifier <a href="https://www.rbprofessional.com">https://www.rbprofessional.com</a>
Hours access method available Access "Isurv: environment" using your username and password...
942 ## - ADDED ENTRY ELEMENTS (KOHA)
Suppress in OPAC 0
Holdings
Withdrawn status Lost status Source of classification or shelving scheme Damaged status Not for loan Home library Current library Shelving location Date acquired Total Checkouts Full call number Barcode Date last seen Copy number Price effective from Koha item type
    Dewey Decimal Classification     Virtual Virtual Online 20/05/2003   ONLINE PUBLICATION 120995-2001 06/08/2019 1 06/08/2019 Book